| 000 | 00539nam a2200193 a 4500 | ||
|---|---|---|---|
| 005 | 20240925064853.0 | ||
| 008 | 991125s1989 mx 000 0 spa u | ||
| 020 | _a9682434599 | ||
| 035 | _aUPN01000003894 | ||
| 049 | _aCG | ||
| 050 | 4 |
_aLB1049 _bM5.2 1989 |
|
| 100 | 1 |
_aMichel, Guillermo _929322 |
|
| 245 | 1 | 0 |
_aAprende a aprender : _bguía de autoeducación / _cGuillermo Michel. |
| 250 | _a11a ed. | ||
| 260 |
_aMéxico : _bTrillas, _c1989. |
||
| 300 |
_a126 p. : _bil. |
||
| 650 | 4 |
_aPsicología del aprendizaje _95221 |
|
| 905 | _aLibro | ||
| 999 |
_c3894 _d3894 |
||